000 00629nam a2200217 i 4500
001 bgj
100 1 _aEVANS, Virginia
245 1 0 _aClick on :
_bteacher's book /
_cVirginia Evans ; Neil O'Sullivan.
260 _aNewbury, Berkshire :
_bExpress Publishing,
_c2003.
300 _aIV, 166 pp :
_bill. ;
_c30 cm.
650 9 _aEnglish language
655 _aTextbooks for foreigners
655 _aTextbooks for secondary schools
700 1 _aO'SULLIVAN, Neil.
_eco-author
020 _a1842166832
040 _cBPK
041 0 _aeng
920 _a1-84216-683-2
942 _cKS
008 s uk f |000 0 eng
999 _c49028
_d49028